Yüklüyor......
Folk Tales of Nepal
| Yazar: | |
|---|---|
| Materyal Türü: | Printed Book |
| Dil: | English |
| Baskı/Yayın Bilgisi: |
New Delhi
Sterling Publishers (P) Ltd.
1976
|
| Konular: |
| LEADER | 00646nam a2200253 a 4500 | ||
|---|---|---|---|
| 001 | adlib96000001 | ||
| 003 | ViArRB | ||
| 005 | 20151026131227.0 | ||
| 008 | 960221s1955 dcuabcdjdbkoqu001 0deng d | ||
| 020 | |||
| 022 | |||
| 040 | |a Adlib | ||
| 082 | |a 398.2(541.35) | ||
| 245 | |a Folk Tales of Nepal | ||
| 250 | |||
| 260 | |a New Delhi |b Sterling Publishers (P) Ltd. |c 1976 | ||
| 300 | |a 112 p. | ||
| 500 | |a | ||
| 100 | |a Sharma, Nagendra | ||
| 700 | |||
| 942 | |c BK |6 _ | ||
| 653 | |a Tales of Nepal | ||
| 999 | |c 22923 |d 22923 | ||
| 952 | |0 0 |1 0 |4 0 |6 398254135_SHA |7 0 |9 34504 |a UL |b UL |d 2010-06-16 |o 398.2(541.35) SHA |p 00013804 |r 2010-06-16 |w 2010-06-16 |y BK | ||